000 01179nam a2200301Ia 4500
001 ebr10446997
003 CaPaEBR
006 m u
007 cr cn|||||||||
008 100212s2010 enk sb 001 0 eng d
010 _z 2010002758
020 _z1849050511 (alk. paper)
020 _z9781849050517 (alk. paper)
040 _aCaPaEBR
_cCaPaEBR
035 _a(OCoLC)699510387
050 1 4 _aBF723.F28
_bA33 2010eb
082 0 4 _a154.3083
_222
100 1 _aAdams, Kate.
245 1 0 _aUnseen worlds
_h[electronic resource] :
_blooking through the lens of childhood /
_cKate Adams.
260 _aLondon ;
_aPhiladelphia :
_bJessica Kingsley Publishers,
_c2010.
300 _a176p.
504 _aIncludes bibliographical references and index.
533 _aElectronic reproduction.
_bPalo Alto, Calif. :
_cebrary,
_d2011.
_nAvailable via World Wide Web.
_nAccess may be limited to ebrary affiliated libraries.
650 0 _aFantasy in children.
650 0 _aImagination in children.
655 7 _aElectronic books.
_2local
856 4 0 _uhttp://site.ebrary.com/lib/rucke/Doc?id=10446997
_zAn electronic book accessible through the World Wide Web; click to view
999 _c247174
_d247174